Most valuable footballer from each country #02 - Statistics

General Stats
  • This quiz has been taken 15 times
  • The average score is 8 of 16
Answer Stats
Picture Answer % Correct
Salah
100%
Hakimi
92%
Alexander Isak
75%
Barella
75%
Min-jae Kim
67%
Doku
58%
Hojlund
58%
Vlahovic
50%
Zinchenko
42%
Skriniar
33%
Akanji
25%
Brennan Johnson
25%
Ferguson
25%
Takefusa Kubo
25%
Gimenez
8%
Diomande
0%
No matching quizzes found
Score Distribution
Percent of People with Each Score
Percentile by Number Answered
Your Score History
You have not taken this quiz